<?xml version="1.0" encoding="UTF-8"?>
<record
    xmlns:xsi="http://www.w3.org/2001/XMLSchema-instance"
    xsi:schemaLocation="http://www.loc.gov/MARC21/slim http://www.loc.gov/standards/marcxml/schema/MARC21slim.xsd"
    xmlns="http://www.loc.gov/MARC21/slim">

  <leader>01173nam a2200265 a 4500</leader>
  <controlfield tag="003">DO-SdBNP</controlfield>
  <controlfield tag="005">20211013114443.0</controlfield>
  <controlfield tag="007">ta</controlfield>
  <controlfield tag="008">211013e2004    dr ao||gry||| 001 0 spa d</controlfield>
  <datafield tag="040" ind1=" " ind2=" ">
    <subfield code="a">DO-SdBNP</subfield>
    <subfield code="b">spa</subfield>
    <subfield code="c">BNPHU</subfield>
  </datafield>
  <datafield tag="082" ind1=" " ind2=" ">
    <subfield code="b">R426m</subfield>
  </datafield>
  <datafield tag="110" ind1=" " ind2=" ">
    <subfield code="9">54493</subfield>
    <subfield code="a">Rep&#xFA;blica Dominicana.</subfield>
    <subfield code="b">Instituto Nacional de la Vivienda (INVI)</subfield>
  </datafield>
  <datafield tag="245" ind1="1" ind2="0">
    <subfield code="a">Memorias gesti&#xF3;n 2000-2003 /</subfield>
    <subfield code="c">Colaboraci&#xF3;n, Carlos Espinal,  &#xC1;ngel Sosa Fr&#xED;a; Dise&#xF1;o, diagramaci&#xF3;n y concepci&#xF3;n editorial, Mr&#xED;a Eugenia S&#xFA;s y Xiomara de Reynoso; Gr&#xE1;ficas, Rub&#xE9;n Estevez, Enmanuel L&#xF3;pez y Francis &#xC1;reas</subfield>
  </datafield>
  <datafield tag="260" ind1=" " ind2=" ">
    <subfield code="a">Santo Domingo :</subfield>
    <subfield code="b">La Uni&#xF3;n,</subfield>
    <subfield code="c">2004</subfield>
  </datafield>
  <datafield tag="300" ind1=" " ind2=" ">
    <subfield code="a">199 p. :</subfield>
    <subfield code="b">il., fot. ;</subfield>
    <subfield code="c">29 cm</subfield>
  </datafield>
  <datafield tag="590" ind1=" " ind2=" ">
    <subfield code="a">Inventariado 2021 / MF</subfield>
  </datafield>
  <datafield tag="700" ind1="1" ind2=" ">
    <subfield code="a">Espinal, Carlos.</subfield>
    <subfield code="9">80189</subfield>
  </datafield>
  <datafield tag="700" ind1="1" ind2=" ">
    <subfield code="a">Sosa Fr&#xED;a, &#xC1;ngel </subfield>
    <subfield code="9">80190</subfield>
  </datafield>
  <datafield tag="700" ind1="1" ind2=" ">
    <subfield code="a">S&#xFA;s, Mr&#xED;a Eugenia,</subfield>
    <subfield code="e">dise&#xF1;o, diagramaci&#xF3;n y concepci&#xF3;n editorial</subfield>
    <subfield code="9">80191</subfield>
  </datafield>
  <datafield tag="700" ind1="1" ind2=" ">
    <subfield code="a">Reynoso,  Xiomara de,</subfield>
    <subfield code="e"> dise&#xF1;o, diagramaci&#xF3;n y concepci&#xF3;n editorial                 </subfield>
    <subfield code="9">80192</subfield>
  </datafield>
  <datafield tag="700" ind1="1" ind2=" ">
    <subfield code="a">Estevez,  Rub&#xE9;n, </subfield>
    <subfield code="e">gr&#xE1;ficas </subfield>
    <subfield code="9">80193</subfield>
  </datafield>
  <datafield tag="700" ind1="1" ind2=" ">
    <subfield code="a">L&#xF3;pez, Enmanuel,  </subfield>
    <subfield code="e">gr&#xE1;ficas </subfield>
    <subfield code="9">80194</subfield>
  </datafield>
  <datafield tag="700" ind1="1" ind2=" ">
    <subfield code="a">&#xC1;reas, Francis</subfield>
    <subfield code="e">gr&#xE1;ficas </subfield>
    <subfield code="9">80195</subfield>
  </datafield>
  <datafield tag="942" ind1=" " ind2=" ">
    <subfield code="2">ddc</subfield>
    <subfield code="c">LBS1</subfield>
  </datafield>
  <datafield tag="952" ind1=" " ind2=" ">
    <subfield code="0">0</subfield>
    <subfield code="1">0</subfield>
    <subfield code="2">ddc</subfield>
    <subfield code="5">1</subfield>
    <subfield code="7">0</subfield>
    <subfield code="8">PD</subfield>
    <subfield code="a">BNPHU</subfield>
    <subfield code="b">PD</subfield>
    <subfield code="c">HD</subfield>
    <subfield code="d">2018-07-13</subfield>
    <subfield code="e">Donado por CERTV</subfield>
    <subfield code="l">0</subfield>
    <subfield code="o">R426m</subfield>
    <subfield code="p">2021-27360</subfield>
    <subfield code="r">2021-10-13</subfield>
    <subfield code="w">2021-10-13</subfield>
    <subfield code="y">LFPD</subfield>
  </datafield>
  <datafield tag="999" ind1=" " ind2=" ">
    <subfield code="c">50741</subfield>
    <subfield code="d">50741</subfield>
  </datafield>
</record>
